| 000 | 01349cas a2200385 a 4500 | ||
|---|---|---|---|
| 999 |
_c7872 _d7872 |
||
| 001 | 991043404149706706 | ||
| 003 | OSt | ||
| 005 | 20240223131736.0 | ||
| 007 | cr#||||||||||| | ||
| 008 | 120510c20129999sp ar pso|||||0|| b0mul|c | ||
| 022 |
_a2014-6752 _l2014-6752 |
||
| 035 | _a(ES-BaCBU).b52721103 | ||
| 040 |
_aES-BaCBU _bcat _cCDMR |
||
| 041 | 0 |
_aspa _aeng |
|
| 044 | _cesp | ||
| 080 | _a316.77(05) | ||
| 080 | _a659.1(05) | ||
| 245 | 0 | 0 |
_aCommunication papers _h[Recurs electrònic] : _bmedia literacy & gender studies = Perspectivas en comunicación |
| 260 |
_aGirona : _bUniversitat de Girona : _bARPA, _c2012- |
||
| 310 | _aSemestral | ||
| 362 | 0 | _aVol. 1, no. 1 (oct./nov. 2012)- | |
| 500 | _aDescripció del recurs: el 10 maig 2012 | ||
| 504 | _aReferències bibliogràfiques | ||
| 546 | _aTextos en castellà i anglès | ||
| 650 | 7 |
_aComunicació audiovisual _xRevistes. _2lemac |
|
| 650 | 0 |
_aEstudis de dones _xRevistes _93167 |
|
| 710 | 2 | _aARPA. | |
| 710 | 1 |
_aUniversitat de Girona _93937 |
|
| 752 |
_aCatalunya _bGirona (Província) _cGironès _dGirona |
||
| 856 | 4 | 0 |
_zAccés lliure _uhttps://communicationpapers.revistes.udg.edu/issue/archive |
| 907 |
_a.b52721103 _b18-06-21 _c10-05-12 _d20-12-12 _es _fv _g- _hspa _ispc _j0 _k1 |
||
| 908 |
_aUdG _aUPF _aUB _aUPC _aUdL _aURV _aUVic-UCC _aUAB _aBC |
||
| 940 | _aBC | ||
| 942 |
_2udc _cSER-E |
||